| 000 | 00589cam a22001814a 4500 | ||
|---|---|---|---|
| 005 | 20250605164353.0 | ||
| 008 | 250528s ||||||||||||||||||||||||d | ||
| 035 | _a24149 | ||
| 040 |
_aGR-AtMCL _bgre _dGR-AtMCL _eAACR2 |
||
| 245 | 1 | _aTaiwan's Tech Startups Find New Strengths | |
| 260 |
_bEe Times Europe, _c2019 |
||
| 300 | _a67 | ||
| 520 | _aSilicon Photonics Hits Prime Time, Test and Measurement: A New Type of Scope?, Power Electronics Insert with PCIM Preview: Trends to Watch. | ||
| 700 | 1 |
_aPele Anne Francoise _99414 |
|
| 942 | _cCR | ||
| 999 |
_c9047 _d9047 |
||